000
00310nam a2200121Ia 4500
008
230907s9999||||xx |||||||||||||| ||und||
082
_a
621.312,GUP
100
_a
Gupta, J.B.
245
0
_a
Generation and economic considerations/
260
_a
Katson Books
_b
New Delhi
_c
2012
300
_a
401p.:
942
_c
BK
999
_c
597944
_d
597944